000 00787nam a2200277 a 4500
001 444
003 BR-CuiBMT
005 20231122135844.0
008 231106s2015 baba 000 0 por d
020 _a8544204333
040 _aBR-CuiBMT
_cBR-CuiBMT
080 _22007
_a342.7
_x(079.1)
090 _a342.7(079.1)
_bB453d
_c2. ed.
100 1 _aBeltramelli Neto, Silvio
245 1 0 _aDireitos humanos /
_cSilvio Beltramelli Neto.
250 _a2. ed.
260 _aSalvador :
_bJusPODIVM,
_c2015.
300 _a514 p. ;
_c24 cm
490 1 _aColeção concursos públicos
504 _aInclui bibliografia.
650 _aDireitos humanos
_zBrasil
650 _aDireitos fundamentais
_zBrasil
650 _aDireito Internacional
830 0 _aConcursos públicos
942 _2udc
_cLV
999 _c444
_d444